000 00688nam a2200181 a 4500
001 000048772
005 20201002061409.0
008 190411d2008 dr ac 000 0 spa d
040 _aDO-SdBNP
_bspa
_cBNPHU
082 _axxxx
_bR696m
100 1 _aRodríguez Veras, Ramón Alcides
_976228
245 1 0 _aManual de protección ciudadana :
_bla ciudadaníía en la prevención del crimen /
_cRamón Alcides Rodríguez Veras.
250 _a3ra. ed. corregida y ampliada
260 _aSanto Doming :
_bImpresos Aníbal,
_c2008.
300 _a68 p. :
_bil., retrs. ;
_c15 cm.
500 _aIncluye datos biográficos del autor en la solapa de la contracubierta
590 _aInventariado, 2019/LP
999 _c48260
_d48260